Journal of Chemical Education /

Journal of Chemical Education es reconocida como la revista líder a nivel mundial en el ámbito de la educación química. Fundada en 1924 en los Estados Unidos de América, cuenta con una periodicidad mensual en formato impreso y una amplia proyección internacional gracias a su plataforma digital. Su e...

Descripció completa

Guardat en:
Dades bibliogràfiques
Format: Publicació Periòdica
Idioma:anglès
Publicat: Greely, EUA : American Chemical Society, Division of Chemical Education, 1935-2016
Col·lecció:(Colección con números faltantes)
Matèries:
Etiquetes: Afegir etiqueta
Sense etiquetes, Sigues el primer a etiquetar aquest registre!

MARC

LEADER 00000nas^a2200000^a^4500
001 000090885
005 20250820115134.0
009 20260310092626.284
022 |a 0021-9584 
037 |a Acervo ITESO - Biblioteca 
041 |a ING 
094 |a 596 
240 1 1 |a [Journal of Chemical Education] 
245 0 0 |a Journal of Chemical Education / 
264 1 |a Greely, EUA :  |b American Chemical Society, Division of Chemical Education,  |c 1935-2016 
300 |a volúmenes 
310 |a Mensual 
336 |a texto  |b txt  |2 rdacontenido 
337 |a sin mediación  |b n  |2 rdamedio 
338 |a volumen  |b nc  |2 rdasoporte 
362 0 |a V. 12, N° 8 (agosto 1935)-V. 93, N° 12 (diciembre 2016) 
440 1 |a (Colección con números faltantes) 
520 |a Journal of Chemical Education es reconocida como la revista líder a nivel mundial en el ámbito de la educación química. Fundada en 1924 en los Estados Unidos de América, cuenta con una periodicidad mensual en formato impreso y una amplia proyección internacional gracias a su plataforma digital. Su enfoque principal abarca temas relacionados con la química, experimentación, metodologías de enseñanza y pedagogías especializadas en esta disciplina. Para que un artículo sea aceptado en esta publicación, debe cumplir con rigurosos criterios de evaluación en áreas como la originalidad, la calidad pedagógica, el rigor académico, la presentación y la utilidad práctica. La revista está dirigida a un amplio espectro de profesionales de la educación, desde docentes de nivel medio superior hasta investigadores en los círculos científicos más especializados. A todos ellos se les garantiza contenido de alta calidad, revisado por pares, editado por expertos, con visibilidad global y respaldado por sistemas innovadores tanto en procesos como en tecnologías educativas. La Biblioteca del ITESO posee esta revista en su colección física desde el volumen 12, números del 8 al 12, correspondiente al año 1935, hasta el volumen 93, número 12, publicado en 2016. Asimismo, la colección completa está disponible en formato digital a través del portal de la biblioteca, en la sección de revistas electrónicas, mediante el siguiente enlace: https://pubs-acs-org.ezproxy.iteso.mx/journal/jceda8. 
599 |a No vigente 
649 |a XX 
650 |a Química -  |x Estudio y Enseñanza -  |x Tema Principal 
650 |a Química -  |x Publicaciones Periódicas Norteamericanas 
650 |a Publicaciones Periódicas Norteamericanas 
910 |a Fondo General 
920 |a Impresos - Publicaciones Periódicas 
905 |a 105 
902 |a https://opac.biblio.iteso.mx/vufind/Record/000090885